Kancelária 2002 kompletný zoznam firiem z oblasti vybavenia a zariadenia kancelárií, kancelárskej techniky a súvisiacich činností

Bibliographic Details
Format: Book
Language:Slovak
PhysicalDescription:[88] s. s rozličným stránkovaním fotogr., rekl., tab. 30 cm
Published: Bratislava ISMC SK [2002]
ISBN:8088916143
Edition:7. vyd.
Subjects:

MARC

LEADER 00000nam a2200000 a 4500
001 vtls001447554
003 SK-MaSNL
005 20260302002204.0
008 160415s2002 xo ag r y 0 slo
015 |a SNBF2003/01-00490 
020 |a 8088916143 
035 |a SNK000402814 
040 |a SNK  |b slo  |c SNK  |e AACR2 
041 0 |a slo 
044 |a xo  |c SK 
080 |a 651.2:658.11+658.64+659(437.6)(058)"2002"  |2 2. stred. slo 
080 |a 658.11  |2 2. stred. slo 
080 |a 658.64  |2 2. stred. slo 
080 |a 659  |2 2. stred. slo 
245 1 |a Kancelária 2002  |b kompletný zoznam firiem z oblasti vybavenia a zariadenia kancelárií, kancelárskej techniky a súvisiacich činností 
250 |a 7. vyd. 
260 |a Bratislava  |b ISMC SK  |c [2002] 
300 |a [88] s. s rozličným stránkovaním  |b fotogr., rekl., tab.  |c 30 cm 
500 |a Obalový názov 
650 0 7 |a technika kancelárska  |x firmy  |x služby  |z Slovensko  |y 2002  |x adresáre  |2 SNK  |9 639235 
650 0 7 |a firmy  |x technika kancelárska  |z Slovensko  |y 2002  |x adresáre  |2 SNK  |9 639236 
650 0 7 |a služby  |x technika kancelárska  |z Slovensko  |y 2002  |x adresáre  |2 SNK  |9 639237 
651 7 |a Slovensko  |x technika kancelárska  |x firmy  |x služby  |y 2002  |x adresáre  |2 SNK  |9 639238 
919 |a 80-88916-14-3 
958 |a FAD 
958 |a TL 
999 |c 986973  |d 988903 
952 |t P60, <03>, [BOOK], {603}  |a SNK  |b SNK  |y PREZ  |7 0  |p 17A0371090  |o snkOSB 13501/2002  |i snkKSP 326/2003  |0 0  |1 0  |4 0  |d 2003-01-14  |l 0  |r 2005-01-02 00:00:00  |w 2026-02-24 
952 |t P60, <04>, [BOOK], {604}  |a SNK  |b SNK  |y VYP  |7 0  |p 17A0371091  |o snkOSB 13501/2002 D1  |i snkKSP 327/2003  |0 0  |1 0  |4 0  |d 2003-01-14  |l 0  |r 2005-01-02 00:00:00  |w 2026-02-24